The weather almanac : a reference guide to weather, climate, and air quality in the United States and its key cities, comprising statistics, principles, and terminology ... /

Bibliographic Details
Main Author: Ruffner, James A.
Other Authors: Bair, Frank E.
Format: Book
Language:English
Published: Detroit : Gale Research Co., [1977]
Edition:2d ed.
Subjects:

MARC

Tag First Indicator Second Indicator Subfields
LEADER 00000cam a2200000 i 4500
001 in00000631421
005 20151015052547.0
008 770623s1977 miuab b 00110 eng
010 |a  77022751  
020 |a 0810310430 
035 |a (OCoLC)03119684 
035 |9 ACU2106AM 
040 |a DLC  |c DLC  |d m.c.  |d TXA  |d UtOrBLW 
043 |a n-us--- 
049 |a TXAM  |c [1377982] 
050 0 0 |a QC983  |b .R83 1977 
082 0 |a 551.6/9/73 
100 1 |a Ruffner, James A. 
245 1 4 |a The weather almanac :  |b a reference guide to weather, climate, and air quality in the United States and its key cities, comprising statistics, principles, and terminology ... /  |c edited by James A. Ruffner and Frank E. Bair. 
250 |a 2d ed. 
264 1 |a Detroit :  |b Gale Research Co.,  |c [1977] 
264 4 |c ©1977 
300 |a viii, 728 pages :  |b illustrations, maps ;  |c 24 cm. 
336 |a text  |b txt  |2 rdacontent 
337 |a unmediated  |b n  |2 rdamedia 
338 |a volume  |b nc  |2 rdacarrier 
504 |a Includes bibliographical references and index. 
650 0 |a Air quality  |z United States  |x Handbooks, manuals, etc. 
650 0 |a Climatology  |x Handbooks, manuals, etc. 
651 0 |a United States  |x Climate  |x Handbooks, manuals, etc. 
700 1 |a Bair, Frank E. 
999 |a MARS 
999 f f |s d61f4f87-a1a2-31a5-a2b8-536f7503a2cb  |i 53ab132a-c32b-3586-ba30-35ae11e13ca7  |t 0 
952 f f |p ric  |a Texas A&M University  |b Rellis Campus  |c Joint Library Facility  |d Remote Storage  |t 0  |e QC983 .R83 1977  |h Library of Congress classification  |i unmediated -- volume  |m A14804665312 
998 f f |a QC983 .R83 1977  |t 0  |l Remote Storage